[Event "Stay Safe Play From Home 150"]
[Site "T#646043Emanuel Laske"]
[Date "2020.05.14"]
[Round "4"]
[White "Klausen"]
[Black "Edmatuag"]
[Result "1-0"]
[WhiteElo "1880"]
[BlackElo "1710"]
[Annotator "NA RC"]
[PlyCount "81"]
[EventDate "2020.05.14"]
[EventType "swiss (blitz)"]

1. Nf3 {[%emt 0:00:02]} Nf6 {[%emt 0:00:02]} 2. d4 {[%emt 0:00:01]} d5 {[%emt 0:00:01]} 3. c4 {[%emt 0:00:01]} e6 {[%emt 0:00:01]} 4. Nc3 {[%emt 0:00:02]} Nbd7 {[%emt 0:00:04]} 5. Bg5 {[%emt 0:00:02]} c6 {[%emt 0:00:03]} 6. e3 {[%emt 0:00:03]} Bb4 {[%emt 0:00:04]} 7. Qb3 {[%emt 0:00:03]} Qa5 {[%emt 0:00:02]} 8. Nd2 {[%emt 0:00:01]} Bxc3 {[%emt 0:00:07]} 9. Qxc3 {[%emt 0:00:03]} Qxc3 {[%emt 0:00:03]} 10. bxc3 {[%emt 0:00:01]} Ne4 {[%emt 0:00:06]} 11. Nxe4 {[%emt 0:00:06]} dxe4 {[%emt 0:00:00]} 12. c5 {[%emt 0:00:03]} b6 {[%emt 0:00:19]} 13. cxb6 {[%emt 0:00:04]} axb6 {[%emt 0:00:00]} 14. Be2 {[%emt 0:00:06]} Ba6 {[%emt 0:00:05]} 15. c4 {[%emt 0:00:11]} e5 {[%emt 0:00:07]} 16. O-O {[%emt 0:00:06]} h5 {[%emt 0:00:03]} 17. Bh4 {[%emt 0:00:16]} f6 {[%emt 0:00:03]} 18. Bg3 {[%emt 0:00:02]} h4 {[%emt 0:00:05]} 19. dxe5 {[%emt 0:00:02]} hxg3 {[%emt 0:00:03]} 20. exf6 {[%emt 0:00:05]} gxh2+ {[%emt 0:00:05]} 21. Kh1 {[%emt 0:00:02]} Nxf6 {[%emt 0:00:08]} 22. Rab1 {[%emt 0:00:03]} Nd7 {[%emt 0:00:07]} 23. Rfc1 {[%emt 0:00:07]} O-O-O {[%emt 0:00:03]} 24. Bg4 {[%emt 0:00:05]} Kc7 {[%emt 0:00:02]} 25. Bh3 {[%emt 0:00:05]} Ne5 {[%emt 0:00:08]} 26. c5 {[%emt 0:00:12]} Nd3 {[%emt 0:00:13]} 27. cxb6+ {[%emt 0:00:06]} Kb7 {[%emt 0:00:03]} 28. Rc2 {[%emt 0:00:01]} Rdf8 {[%emt 0:00:17]} 29. Kxh2 {[%emt 0:00:14]} Nxf2 {[%emt 0:00:04]} 30. Rd2 {[%emt 0:00:07]} Ng4+ {[%emt 0:00:04]} 31. Kg1 {[%emt 0:00:06]} Nxe3 {[%emt 0:00:00]} 32. Rd7+ {[%emt 0:00:02]} Kb8 {[%emt 0:00:04]} 33. b7 {[%emt 0:00:08]} Nd5 {[%emt 0:00:10]} 34. Rxg7 {[%emt 0:00:03]} Nf4 {[%emt 0:00:05]} 35. Bg4 {[%emt 0:00:08]} Ne2+ {[%emt 0:00:02]} 36. Bxe2 {[%emt 0:00:01]} Bxe2 {[%emt 0:00:00]} 37. Rg6 {[%emt 0:00:03]} Bb5 {[%emt 0:00:04]} 38. a4 {[%emt 0:00:01]} Bxa4 {[%emt 0:00:01]} 39. Rc1 {[%emt 0:00:01]} Bb5 {[%emt 0:00:01]} 40. Re1 {[%emt 0:00:02]} Kxb7 {[%emt 0:00:01]} 41. Rc1 {[%emt 0:00:03] Time} 1-0

[Event "Stay Safe Play From Home 150"]
[Site "T#646043Emanuel Laske"]
[Date "2020.05.14"]
[Round "4"]
[White "Tumnik_ad"]
[Black "Mruzic"]
[Result "1-0"]
[WhiteElo "1863"]
[BlackElo "1763"]
[Annotator "NA RC"]
[PlyCount "135"]
[EventDate "2020.05.14"]
[EventType "swiss (blitz)"]

1. c3 {[%emt 0:00:00]} Nf6 {[%emt 0:00:02]} 2. d3 {[%emt 0:00:00]} g6 {[%emt 0:00:01]} 3. Nd2 {[%emt 0:00:00]} Bg7 {[%emt 0:00:02]} 4. h3 {[%emt 0:00:00]} d5 {[%emt 0:00:02]} 5. g4 {[%emt 0:00:00]} c6 {[%emt 0:00:01]} 6. Bg2 {[%emt 0:00:00]} e5 {[%emt 0:00:02]} 7. Nf1 {[%emt 0:00:00]} Be6 {[%emt 0:00:03]} 8. Ng3 {[%emt 0:00:00]} Nbd7 {[%emt 0:00:01]} 9. Nf3 {[%emt 0:00:01]} Qc7 {[%emt 0:00:02]} 10. Ng5 {[%emt 0:00:01]} O-O {[%emt 0:00:05]} 11. Nxe6 {[%emt 0:00:00]} fxe6 {[%emt 0:00:02]} 12. Bg5 {[%emt 0:00:00]} Rae8 {[%emt 0:00:02]} 13. Bd2 {[%emt 0:00:03]} Rf7 {[%emt 0:00:04]} 14. g5 {[%emt 0:00:01]} Nh5 {[%emt 0:00:07]} 15. Nxh5 {[%emt 0:00:01]} gxh5 {[%emt 0:00:01]} 16. Bf3 {[%emt 0:00:00]} h4 {[%emt 0:00:02]} 17. Qb3 {[%emt 0:00:07]} Qb6 {[%emt 0:00:04]} 18. Qxb6 {[%emt 0:00:06]} axb6 {[%emt 0:00:00]} 19. O-O-O {[%emt 0:00:01]} Nc5 {[%emt 0:00:03]} 20. Rdg1 {[%emt 0:00:07]} Ra8 {[%emt 0:00:03]} 21. Kb1 {[%emt 0:00:01]} e4 {[%emt 0:00:04]} 22. dxe4 {[%emt 0:00:08]} dxe4 {[%emt 0:00:02]} 23. Bh5 {[%emt 0:00:01]} Rxf2 {[%emt 0:00:01]} 24. Be3 {[%emt 0:00:02]} Rf5 {[%emt 0:00:12]} 25. Bg4 {[%emt 0:00:05]} Rff8 {[%emt 0:00:08]} 26. Bxc5 {[%emt 0:00:02]} bxc5 {[%emt 0:00:02]} 27. Bxe6+ {[%emt 0:00:00]} Kh8 {[%emt 0:00:02]} 28. Rg4 {[%emt 0:00:03]} Rf2 {[%emt 0:00:12]} 29. Rxe4 {[%emt 0:00:04]} Re8 {[%emt 0:00:03]} 30. Kc2 {[%emt 0:00:12]} Rg2 {[%emt 0:00:02]} 31. Rd1 {[%emt 0:00:17]} Rxg5 {[%emt 0:00:03]} 32. Bf5 {[%emt 0:00:03]} Rf8 {[%emt 0:00:08]} 33. Bg4 {[%emt 0:00:03]} Bf6 {[%emt 0:00:04]} 34. Rd7 {[%emt 0:00:02]} Rg7 {[%emt 0:00:02]} 35. Rd1 {[%emt 0:00:09]} b6 {[%emt 0:00:02]} 36. a3 {[%emt 0:00:02]} b5 {[%emt 0:00:02]} 37. Bd7 {[%emt 0:00:06]} b4 {[%emt 0:00:03]} 38. Bxc6 {[%emt 0:00:05]} bxa3 {[%emt 0:00:01]} 39. bxa3 {[%emt 0:00:00]} Rc8 {[%emt 0:00:05]} 40. Bb5 {[%emt 0:00:02]} Ra7 {[%emt 0:00:03]} 41. a4 {[%emt 0:00:01]} Rac7 {[%emt 0:00:02]} 42. Bc4 {[%emt 0:00:01]} h6 {[%emt 0:00:01]} 43. Re6 {[%emt 0:00:02]} Bg5 {[%emt 0:00:01]} 44. a5 {[%emt 0:00:10]} Kg7 {[%emt 0:00:01]} 45. a6 {[%emt 0:00:01]} Ra8 {[%emt 0:00:02]} 46. Rb6 {[%emt 0:00:02]} Raa7 {[%emt 0:00:01]} 47. Rdd6 {[%emt 0:00:04]} Rd7 {[%emt 0:00:04]} 48. Rxd7+ {[%emt 0:00:10]} Rxd7 {[%emt 0:00:00]} 49. Rb7 {[%emt 0:00:00]} Rxb7 {[%emt 0:00:04]} 50. axb7 {[%emt 0:00:00]} Bf4 {[%emt 0:00:01]} 51. Kb3 {[%emt 0:00:04]} Kf6 {[%emt 0:00:01]} 52. e3 {[%emt 0:00:01]} Bd6 {[%emt 0:00:03]} 53. Ka4 {[%emt 0:00:01]} Ke5 {[%emt 0:00:01]} 54. Bd3 {[%emt 0:00:02]} Kd5 {[%emt 0:00:02]} 55. Kb5 {[%emt 0:00:01]} Ke6 {[%emt 0:00:01]} 56. Be4 {[%emt 0:00:01]} Kd7 {[%emt 0:00:01]} 57. Bc6+ {[%emt 0:00:02]} Kc7 {[%emt 0:00:01]} 58. Bf3 {[%emt 0:00:00]} Be7 {[%emt 0:00:04]} 59. Kc4 {[%emt 0:00:02]} Kd6 {[%emt 0:00:02]} 60. b8=Q+ {[%emt 0:00:04]} Ke6 {[%emt 0:00:01]} 61. Qf4 {[%emt 0:00:00]} Bg5 {[%emt 0:00:02]} 62. Qe4+ {[%emt 0:00:00]} Kf6 {[%emt 0:00:01]} 63. Kd5 {[%emt 0:00:01]} c4 {[%emt 0:00:03]} 64. Bh5 {[%emt 0:00:02]} Kg7 {[%emt 0:00:03]} 65. Qg6+ {[%emt 0:00:00]} Kh8 {[%emt 0:00:03]} 66. Ke6 {[%emt 0:00:00]} Bxe3 {[%emt 0:00:02]} 67. Kf7 {[%emt 0:00:00]} Bd4 {[%emt 0:00:01]} 68. Qg8# {[%emt 0:00:01] (Lag: Av=0.39s, max=1.0s)} 1-0

[Event "Stay Safe Play From Home 150"]
[Site "T#646043Emanuel Laske"]
[Date "2020.05.14"]
[Round "4"]
[White "Ironmike"]
[Black "Don59as"]
[Result "0-1"]
[WhiteElo "1796"]
[BlackElo "2045"]
[Annotator "TA"]
[PlyCount "42"]
[EventDate "2020.05.14"]
[EventType "swiss (blitz)"]

{[%evp 15,41,1,11,8,16,5,11,5,0,-4,49,-1,0,-17,-14,-14,0,-14,396,-17,-18,-104,-98,-145,-103,-112,-111,-29999]} 1. e4 e5 2. Nf3 Nc6 3. Bc4 d6 4. Nc3 Be7 5. d4 exd4 6. Nxd4 Nf6 7. Nxc6 bxc6 8. O-O O-O 9. a3 {[#] C50: Hungarian Defence and Giuoco Pianissimo.} Rb8 $146 ({Predecessor:} 9... a5 10. Re1 Nd7 11. Rb1 Bf6 12. Bd2 a4 13. Na2 Nb6 14. Bd3 Be6 15. Nb4 Qd7 {½-½ (50) Egorov,E (2381)-Aleksandrov,A (2615) Pavlodar 2015}) 10. Bb3 Be6 11. Bxe6 {The position is equal.} fxe6 12. b3 Nd7 (12... d5 $11) 13. f4 Bf6 14. Bd2 Bd4+ 15. Kh1 Qh4 16. Rb1 Rf6 $2 {[%mdl 8192] [#]} (16... e5 $11 {and Black is okay.}) 17. g3 $2 (17. Be1 $18 Qg5 18. Qxd4 (18. fxg5 $2 {gets mated.} Rxf1#)) 17... Qh3 $11 18. f5 (18. Qe2 $11 {remains equal.}) 18... exf5 $40 {[%mdl 128] aiming for ...f4! Black is out for blood.} 19. exf5 Rxf5 ({Don't take} 19... Bxc3 20. Bxc3 Rxf5 21. Qd3 $15) 20. Rxf5 Qxf5 21. Ne2 $2 {[%mdl 8192] [#]} (21. Qf1 $17 Qg4 22. Qe2) 21... Qe4# {Accuracy: White = 38%, Black = 52%.} 0-1

[Event "Stay Safe Play From Home 150"]
[Site "T#646043Emanuel Laske"]
[Date "2020.05.14"]
[Round "4"]
[White "Lucknow"]
[Black "MartinKestler"]
[Result "0-1"]
[WhiteElo "1759"]
[BlackElo "1927"]
[Annotator "TA"]
[PlyCount "138"]
[EventDate "2020.05.14"]
[EventType "swiss (blitz)"]

{[%evp 14,138,61,51,69,66,72,85,91,83,97,74,93,62,62,64,70,70,63,67,78,0,93,0,0,0,115,75,61,75,82,18,18,16,39,13,20,18,36,14,81,81,82,77,80,0,0,0,0,0,0,0,0,-506,0,0,0,-391,0,0,0,0,0,0,0,0,0,0,0,0,0,0,0,0,0,0,6,6,6,0,6,0,46,0,46,0,46,20,33,0,8,0,0,0,6,0,6,0,6,-87,6,0,6,0,0,0,6,6,6,0,0,0,6,0,46,46,87,46,46,20,46,46,46,6,6,6,6]} 1. d4 d6 2. c4 Nf6 3. Nc3 Nbd7 4. e4 g6 5. f3 Bg7 6. Be3 e5 7. d5 O-O 8. Bd3 a6 {E87: King's Indian: Sämisch: 6...e5 7 d5.} 9. Nge2 b6 10. O-O Nc5 {White is better.} 11. Bc2 a5 12. Qd2 Ne8 {[#]} 13. b3 $146 ({Predecessor:} 13. Rac1 f5 14. exf5 Bxf5 15. Ng3 Bxc2 16. Rxc2 Nf6 17. Bg5 Qd7 18. Re1 Rae8 19. a3 {1-0 (50) Fischer,I (2014)-Gatelli,J Paranavai 2009}) 13... f5 14. exf5 Bxf5 15. Ng3 Bxc2 16. Qxc2 Nf6 17. a3 (17. Rae1 $16) 17... Qe7 (17... e4 $1 $11 {remains equal.}) 18. b4 (18. Rfe1 $16) 18... axb4 $11 19. axb4 Ncd7 (19... Rxa1 $11 20. Rxa1 e4) 20. Nce4 Nxe4 21. Nxe4 Nf6 22. Rfd1 (22. Bg5 $16) 22... Nxe4 23. Qxe4 Qf7 24. c5 bxc5 25. bxc5 Qf5 26. Rdc1 (26. h3 {seems wilder.} Qxe4 27. fxe4 dxc5 28. Bxc5 Rfb8 29. Rxa8 Rxa8 30. Rc1) 26... Qxe4 (26... Bf6 $11) 27. fxe4 $16 Rfb8 28. Rxa8 Rxa8 29. cxd6 (29. c6 $16) 29... cxd6 {[%mdl 4096] Endgame KRB-KRB} 30. Rc6 Bf8 31. Kf2 Ra4 32. Kf3 Ra3 {[#] And now ...Bh6 would win.} 33. Rc7 $2 {[%mdl 8192]} (33. Rc8 $11) 33... Rb3 $2 (33... Bh6 $1 $19 34. Rc8+ Kf7 35. Rc7+ Kf6) 34. Rc8 $11 Kf7 {Threatens to win with ...Bh6.} 35. g4 $2 {[%mdl 8192]} (35. Kf2 $11 {and White is okay.}) 35... h5 $2 ({Black should try} 35... Bh6 $1 $19 36. Rc7+ Ke8 37. Rxh7 Bxe3) 36. g5 Kg8 37. Rc6 Kf7 38. Rc7+ Kg8 39. h4 Rb2 40. Bf2 Rb3+ 41. Be3 Rb2 42. Bf2 Rb1 43. Be3 Rh1 44. Bf2 Rh3+ 45. Ke2 Rb3 46. Be3 Ra3 47. Kf3 Ra8 48. Ke2 Re8 49. Kf3 Re7 50. Rc6 Rb7 51. Ke2 Kf7 52. Rc8 Be7 53. Ra8 Rb3 54. Kf3 Rb4 (54... Rb2 {feels hotter.} 55. Bf2 Rb3+ 56. Ke2 Rb4 57. Kf3 Rb1) 55. Ra7 Ke8 56. Ke2 (56. Bd2 $11 Rb1 57. Ke2) 56... Rb8 ({Black should play} 56... Rxe4 $17 57. Ra8+ Kf7) 57. Kf3 Rc8 58. Rb7 Rd8 59. Ra7 Kf7 60. Ra3 (60. Bc1 {is interesting.} Rc8 61. Bd2 Rb8 62. Ke2 Rb3 63. Ra1) 60... Re8 61. Rd3 Kg7 62. Ke2 Rf8 63. Rb3 Rf7 64. Rb7 Kf8 65. Rb8+ Kg7 66. Ra8 Bf8 67. Ra1 Rb7 68. Rf1 Rb2+ 69. Kf3 Rb3 {[%mdl 32768] Accuracy: White = 67%, Black = 76%. . Loss on time!?} 0-1

[Event "Stay Safe Play From Home 150"]
[Site "T#646043Emanuel Laske"]
[Date "2020.05.14"]
[Round "4"]
[White "Timbre"]
[Black "Tunca"]
[Result "0-1"]
[WhiteElo "1652"]
[BlackElo "1627"]
[Annotator "NA RC"]
[PlyCount "112"]
[EventDate "2020.05.14"]
[EventType "swiss (blitz)"]

1. d4 {[%emt 0:00:07]} d6 {[%emt 0:00:03]} 2. Nf3 {[%emt 0:00:01]} g6 {[%emt 0:00:01]} 3. c3 {[%emt 0:00:01]} Bg7 {[%emt 0:00:00]} 4. Bf4 {[%emt 0:00:01]} Nd7 {[%emt 0:00:00]} 5. e3 {[%emt 0:00:01]} Ngf6 {[%emt 0:00:00]} 6. Be2 {[%emt 0:00:03]} O-O {[%emt 0:00:01]} 7. Nbd2 {[%emt 0:00:01]} Re8 {[%emt 0:00:01]} 8. O-O {[%emt 0:00:01]} e5 {[%emt 0:00:01]} 9. dxe5 {[%emt 0:00:01]} dxe5 {[%emt 0:00:00]} 10. Bg3 {[%emt 0:00:01]} b6 {[%emt 0:00:04]} 11. Qc2 {[%emt 0:00:02]} Bb7 {[%emt 0:00:01]} 12. Rad1 {[%emt 0:00:01]} Qe7 {[%emt 0:00:02]} 13. Qb3 {[%emt 0:00:04]} Nc5 {[%emt 0:00:13]} 14. Qc2 {[%emt 0:00:05]} Nfe4 {[%emt 0:00:05]} 15. Nxe4 {[%emt 0:00:02]} Nxe4 {[%emt 0:00:00]} 16. Qb3 {[%emt 0:00:04]} Nxg3 {[%emt 0:00:03]} 17. hxg3 {[%emt 0:00:01]} Rad8 {[%emt 0:00:07]} 18. Rxd8 {[%emt 0:00:02]} Rxd8 {[%emt 0:00:00]} 19. Rd1 {[%emt 0:00:02]} Rd6 {[%emt 0:00:11]} 20. Rxd6 {[%emt 0:00:02]} Qxd6 {[%emt 0:00:00]} 21. Ng5 {[%emt 0:00:04]} Bd5 {[%emt 0:00:01]} 22. Bc4 {[%emt 0:00:07]} Bxc4 {[%emt 0:00:09]} 23. Qxc4 {[%emt 0:00:02]} Qd1+ {[%emt 0:00:04]} 24. Kh2 {[%emt 0:00:03]} Qh5+ {[%emt 0:00:01]} 25. Nh3 {[%emt 0:00:03]} g5 {[%emt 0:00:06]} 26. Kg1 {[%emt 0:00:04]} Qd1+ {[%emt 0:00:02]} 27. Kh2 {[%emt 0:00:01]} Qd8 {[%emt 0:00:10]} 28. Qg4 {[%emt 0:00:05]} h6 {[%emt 0:00:03]} 29. Ng1 {[%emt 0:00:11]} Qe8 {[%emt 0:00:11]} 30. Nf3 {[%emt 0:00:02]} Qe7 {[%emt 0:00:07]} 31. Qc4 {[%emt 0:00:04]} c5 {[%emt 0:00:04]} 32. Qd5 {[%emt 0:00:03]} Kh7 {[%emt 0:00:04]} 33. b4 {[%emt 0:00:03]} cxb4 {[%emt 0:00:02]} 34. cxb4 {[%emt 0:00:03]} e4 {[%emt 0:00:06]} 35. Nd4 {[%emt 0:00:03]} Bxd4 {[%emt 0:00:13]} 36. Qxd4 {[%emt 0:00:02]} Kg6 {[%emt 0:00:05]} 37. a4 {[%emt 0:00:03]} f5 {[%emt 0:00:04]} 38. a5 {[%emt 0:00:07]} bxa5 {[%emt 0:00:01]} 39. bxa5 {[%emt 0:00:01]} Qb7 {[%emt 0:00:08]} 40. Qc4 {[%emt 0:00:09]} Qb2 {[%emt 0:00:05]} 41. Qe6+ {[%emt 0:00:03]} Kh5 {[%emt 0:00:06]} 42. Qf7+ {[%emt 0:00:05]} Kg4 {[%emt 0:00:01]} 43. Qg6 {[%emt 0:00:13]} Qxf2 {[%emt 0:00:01]} 44. Qxh6 {[%emt 0:00:02]} Qxg3+ {[%emt 0:00:02]} 45. Kh1 {[%emt 0:00:04]} Qxe3 {[%emt 0:00:02]} 46. Kh2 {[%emt 0:00:02]} Qg3+ {[%emt 0:00:02]} 47. Kg1 {[%emt 0:00:01]} Qe1+ {[%emt 0:00:00]} 48. Kh2 {[%emt 0:00:01]} Qh4+ {[%emt 0:00:00]} 49. Qxh4+ {[%emt 0:00:02]} Kxh4 {[%emt 0:00:00]} 50. Kg1 {[%emt 0:00:01]} Kg3 {[%emt 0:00:01]} 51. Kf1 {[%emt 0:00:01]} f4 {[%emt 0:00:00]} 52. a6 {[%emt 0:00:01]} g4 {[%emt 0:00:01]} 53. Kg1 {[%emt 0:00:02]} e3 {[%emt 0:00:01]} 54. Kf1 {[%emt 0:00:01]} f3 {[%emt 0:00:00]} 55. gxf3 {[%emt 0:00:01]} gxf3 {[%emt 0:00:00]} 56. Kg1 {[%emt 0:00:02]} e2 {[%emt 0:00:01] Timbre resigns (Lag: Av=0.32s, max=0.9s)} 0-1

[Event "Stay Safe Play From Home 150"]
[Site "T#646043Emanuel Laske"]
[Date "2020.05.14"]
[Round "4"]
[White "Gibiz144"]
[Black "Weltszmerc"]
[Result "0-1"]
[WhiteElo "1651"]
[BlackElo "2097"]
[Annotator "TA"]
[PlyCount "50"]
[EventDate "2020.05.14"]
[EventType "swiss (blitz)"]

{[%evp 13,50,-18,-17,-22,-23,-45,-25,-50,-58,-47,-17,-21,-9,-83,-82,-223,-76,-86,-29,-64,-37,-294,-297,-290,-228,-490,-102,-115,-104,-144,-75,-560,-561,-550,-550,-582,-559,-741,-651]} 1. d4 b6 2. Bg5 Bb7 3. Nf3 Nf6 4. Bxf6 exf6 5. Nbd2 f5 6. e3 g6 7. Bd3 Bg7 8. c3 {A47: 1 d4 Nf6 2 Nf3 b6: Torre, London and Colle Systems.} O-O 9. Qc2 Re8 10. O-O-O {[#] Black has an edge.} c5 $146 ({Predecessor:} 10... d6 11. h4 Nd7 12. h5 c5 13. Kb1 d5 14. hxg6 fxg6 15. Nh4 c4 16. Nxc4 dxc4 17. Bxc4+ {0-1 (60) Herath,H (1743)-Deshappriya,D (1519) Kurunegala 2019}) 11. h4 cxd4 12. Nxd4 h5 13. Rdg1 (13. N2f3 $11 {remains equal.}) 13... Nc6 14. N4f3 {[#]} (14. N2f3 $17 {keeps fighting.}) 14... Ne5 (14... Nb4 $1 $19 {[%cal Rb4c2][%mdl 512] has better winning chances.} 15. Qb1 (15. cxb4 $2 Rc8 $19) 15... Rc8) 15. Nxe5 $17 Bxe5 ({Better is} 15... Rxe5 $17 16. Kb1 Qc7) 16. Nf3 Bg7 17. Bxf5 $2 {[%mdl 8192]} (17. Rd1 $15) 17... gxf5 $19 18. Qxf5 Qf6 19. Qxh5 $2 {[#]} (19. Qxf6 {was called for.} Bxf6 20. Rd1) 19... Qg6 $2 (19... Rac8 $1 $19 {and Black stays clearly on top. ( -> ...Rxc3+!)} 20. Nd2 Ba6) 20. Qg5 Re6 21. h5 Qh6 ({Black should try} 21... Qxg5 22. Nxg5 Rf6) 22. g4 $2 {[%mdl 8192]} (22. Qg4 $17 {is tougher.}) 22... Bxf3 {Black is clearly winning.} 23. Qxh6 Bxh6 24. g5 Bxh1 25. Rxh1 Bxg5 {Accuracy: White = 27%, Black = 39%.} 0-1

[Event "Stay Safe Play From Home 150"]
[Site "T#646043Emanuel Laske"]
[Date "2020.05.14"]
[Round "4"]
[White "Nagaram"]
[Black "Kongle"]
[Result "0-1"]
[WhiteElo "1342"]
[BlackElo "1753"]
[Annotator "NA RC"]
[PlyCount "76"]
[EventDate "2020.05.14"]
[EventType "swiss (blitz)"]

1. e4 {[%emt 0:00:03]} d5 {[%emt 0:00:02]} 2. exd5 {[%emt 0:00:06]} Nf6 {[%emt 0:00:01]} 3. Nc3 {[%emt 0:00:00]} Nxd5 {[%emt 0:00:01]} 4. Nxd5 {[%emt 0:00:00]} Qxd5 {[%emt 0:00:02]} 5. d4 {[%emt 0:00:00]} e5 {[%emt 0:00:02]} 6. Nf3 {[%emt 0:00:03]} e4 {[%emt 0:00:02]} 7. Nd2 {[%emt 0:00:03]} Bf5 {[%emt 0:00:05]} 8. c3 {[%emt 0:00:03]} Bd6 {[%emt 0:00:03]} 9. Bc4 {[%emt 0:00:03]} Qc6 {[%emt 0:00:06]} 10. Qe2 {[%emt 0:00:02]} a6 {[%emt 0:00:02]} 11. d5 {[%emt 0:00:09]} Qd7 {[%emt 0:00:07]} 12. Nb3 {[%emt 0:00:05]} O-O {[%emt 0:00:03]} 13. O-O {[%emt 0:00:03]} Re8 {[%emt 0:00:02]} 14. f3 {[%emt 0:00:02]} exf3 {[%emt 0:00:03]} 15. Qxf3 {[%emt 0:00:00]} Be4 {[%emt 0:00:04]} 16. Qh3 {[%emt 0:00:07]} f5 {[%emt 0:00:03]} 17. Be3 {[%emt 0:00:05]} b5 {[%emt 0:00:02]} 18. Be2 {[%emt 0:00:02]} Qe7 {[%emt 0:00:04]} 19. Bf2 {[%emt 0:00:03]} Bxg2 {[%emt 0:00:05]} 20. Qxg2 {[%emt 0:00:04]} Qxe2 {[%emt 0:00:02]} 21. Rfe1 {[%emt 0:00:07]} Qh5 {[%emt 0:00:03]} 22. Bd4 {[%emt 0:00:06]} Rxe1+ {[%emt 0:00:03]} 23. Rxe1 {[%emt 0:00:00]} Qg6 {[%emt 0:00:06]} 24. Re8+ {[%emt 0:00:05]} Kf7 {[%emt 0:00:02]} 25. Qxg6+ {[%emt 0:00:02]} hxg6 {[%emt 0:00:02]} 26. Rxb8 {[%emt 0:00:03]} Rxb8 {[%emt 0:00:04]} 27. Bc5 {[%emt 0:00:01]} Re8 {[%emt 0:00:05]} 28. Bxd6 {[%emt 0:00:02]} cxd6 {[%emt 0:00:01]} 29. Kf2 {[%emt 0:00:02]} g5 {[%emt 0:00:03]} 30. Na5 {[%emt 0:00:02]} Re4 {[%emt 0:00:04]} 31. Nb7 {[%emt 0:00:03]} Ke7 {[%emt 0:00:06]} 32. b3 {[%emt 0:00:04]} Re5 {[%emt 0:00:02]} 33. a4 {[%emt 0:00:02]} bxa4 {[%emt 0:00:02]} 34. bxa4 {[%emt 0:00:03]} Rxd5 {[%emt 0:00:01]} 35. Ke3 {[%emt 0:00:03]} f4+ {[%emt 0:00:02]} 36. Ke4 {[%emt 0:00:02]} Re5+ {[%emt 0:00:02]} 37. Kd4 {[%emt 0:00:01]} Re2 {[%emt 0:00:02]} 38. h4 {[%emt 0:00:04]} g4 {[%emt 0:00:02]} 0-1

[Event "Stay Safe Play From Home 150"]
[Site "T#646043Emanuel Laske"]
[Date "2020.05.14"]
[Round "5"]
[White "Lamborghini"]
[Black "Weltszmerc"]
[Result "0-1"]
[WhiteElo "2269"]
[BlackElo "2100"]
[Annotator "TA"]
[PlyCount "128"]
[EventDate "2020.05.14"]
[EventType "swiss (blitz)"]

{[%evp 15,127,49,46,45,51,33,44,59,58,69,95,54,47,44,60,69,95,112,206,200,204,-311,19,-317,-316,-406,-406,-1014,-1010,-1208,-1215,-1349,-1137,-1212,-1032,-1160,-1150,-1283,-1227,-1257,-1149,-1235,-1200,-1136,-733,-1016,-1021,-1013,-1012,-972,-965,-3852,-2013,-29976,-29977,-29984,-29985,-29982,-29983,-29982,-29983,-29983,-29984,-29984,-29985,-29985,-29986,-29987,-29987,-29987,-29988,-29988,-29989,-29988,-29988,-29988,-29989,-29988,-29989,-29989,-29990,-29990,-29991,-29991,-29990,-29990,-29991,-29991,-29992,-29993,-29994,-29995,-29996,-29996,-29995,-29995,-29996,-29996,-29997,-29999,-29997,-29998,-29997,-29997,-29997,-29997,-29997,-29997,-29997,-29997,-29998,-29998,-29999,-29999]} 1. e4 Nf6 2. e5 Nd5 3. d4 d6 4. Nf3 Bg4 5. Be2 e6 6. h3 Bh5 7. c4 Nb6 8. exd6 cxd6 9. Nc3 {B05: Alekhine's Defence: 4 Nf3 Bg4.} Be7 10. d5 e5 11. g4 {White is slightly better.} Bg6 12. h4 {Strongly threatening h5.} h6 13. Bd3 Bxd3 14. Qxd3 Qc8 15. b3 Qxg4 16. Rg1 {[#]} Qh3 $146 (16... Qd7 $16 {keeps fighting.}) ({Predecessor:} 16... Qh5 17. Rxg7 f5 18. Nb5 Kf8 19. Rxe7 Kxe7 20. Ba3 Nc8 21. O-O-O Nd7 22. Re1 e4 {½-½ (63) Alvir,A (2354)-Wallner,J (2333) Vienna 2011}) 17. Rxg7 $18 N8d7 18. Be3 $4 {[%mdl 8192]} (18. Rxf7 $18 {avoids the disaster. aiming for Qg6.} Qg2 19. Rf5) 18... Qh1+ $2 ({Black should try} 18... Qxf3 $19 19. Kd2 Bxh4) 19. Rg1 $2 {[%mdl 8192] White does not recover from this.} (19. Ng1 $11) 19... Qxf3 $19 20. Rg3 Qh1+ 21. Ke2 (21. Qf1 $142 Qxf1+ 22. Kxf1) 21... Qxa1 22. Nb5 Qxa2+ 23. Kf3 f5 24. Kg2 e4 25. Qd4 O-O-O 26. Bf4 Nc5 27. Bxd6 Bxd6 28. Nxd6+ Kb8 ({Worse is} 28... Rxd6 29. Qxc5+ Kb8 30. Qxd6+ Ka8 31. Qe6 $11) 29. Qxc5 Rhg8 30. Nxf5 Rxg3+ 31. Nxg3 Qxb3 32. Qe7 Qf3+ 33. Kg1 Rg8 34. Qe5+ Ka8 {Black mates.} 35. d6 e3 {[%mdl 64] [#] Deflection} 36. Qxe3 Qxe3 37. fxe3 Rxg3+ {[%mdl 64] Double Attack} 38. Kf2 Rg4 39. c5 Nd7 40. Kf3 Rxh4 41. e4 Nxc5 42. e5 Ne6 43. d7 Rd4 44. Ke3 Rxd7 45. Ke4 b5 46. Kf5 Nc5 47. Kf6 Rd5 48. e6 {[#]} Nxe6 $1 49. Kxe6 {[%mdl 4096] Endgame KR-K} Rd1 50. Ke5 b4 51. Ke4 b3 52. Ke3 b2 53. Ke2 b1=Q 54. Ke3 Qc2 55. Kf4 Qd2+ 56. Ke5 Re1+ {[%cal Bd1e1,Be1e3,Be3g3][%mdl 32]} 57. Kf5 Re3 58. Kg6 Qf2 59. Kh7 h5 60. Kg6 h4 61. Kh5 h3 62. Kh6 Rg3 63. Kh7 h2 {[%cal Rh2h1]} 64. Kh8 h1=Q# {Accuracy: White = 38%, Black = 53%.} 0-1